| 000 | 00649nam a2200205 a 4500 | ||
|---|---|---|---|
| 001 | BRCA_2724 | ||
| 005 | 20190320203936.0 | ||
| 008 | 031208s1961----nyu#---###---#000-0#eng-u | ||
| 050 | 4 |
_aPZ3 _b.P37 1961 |
|
| 100 | 1 |
_aPasternak, Boris Leonidovich _d1890-1960 _97698 |
|
| 245 | 1 | 0 |
_aDoctor Zhivago _cBoris Pasternak ; tr. from the Russian by Max Hayward and Manya Harari. |
| 260 |
_aNew York _bThe New American Library of World Literature _c1961 |
||
| 300 |
_a456 p. _c18 cm. |
||
| 440 | 0 |
_aSignet book _nQ-2014 _97699 |
|
| 500 | _aAA62 | ||
| 700 | 1 |
_aHayward, Max _etr. _97700 |
|
| 700 | 1 |
_aHarari, Manya _etr. _97701 |
|
| 902 | _aGFM | ||
| 942 |
_2lcc _cB |
||
| 999 |
_c2464 _d2464 |
||